Normal view
MARC view
Entry Geographic Name
001 - CONTROL NUMBER
- control field: 52445
003 - CONTROL NUMBER IDENTIFIER
- control field: ARRUPE
005 - DATE AND TIME OF LATEST TRANSACTION
- control field: 20240215143315.0
008 - FIXED-LENGTH DATA ELEMENTS
- fixed length control field: 240215|| aca||aabn | a|a d
040 ## - CATALOGING SOURCE
- Original cataloging agency: ARRUPE
- Transcribing agency: ARRUPE
151 ## - HEADING--GEOGRAPHIC NAME
- Geographic name: South Africa
- General subdivision: Politics and government
- Chronological subdivision: 1948-
670 ## - SOURCE DATA FOUND
- Source citation: Work cat.: (ARRUPE)131801: Hadland, Adrian. 52443, The life and times of Thabo Mbeki /, 1999.